Kraje z największą ilością żydów - Statystyki

Ogólne statystyki
  • Ten quiz został rozwiązany 189 razy
  • Średni wynik to 17 z 23
Statystyki odpowiedzi
Ilość Kraj % Poprawnych
6,8 mln Izrael
98%
8 tys. Polska
98%
5,6 mln Stany Zjednoczone
96%
173 tys. Rosja
94%
116 tys. Niemcy
93%
453 tys. Francja
92%
12 tys. Hiszpania
89%
390 tys. Kanada
88%
30 tys. Włochy
87%
290 tys. Wielka Brytania
85%
ok 95 tys. Brazylia
80%
92 tys. Ukraina
80%
ok. 190 tys. Argentyna
78%
45 tys. Meksyk
78%
100 tys. Australia
72%
20 tys. Turcja
71%
45 tys. Białoruś
68%
32 tys. Belgia
66%
21 tys. Chile
60%
10 tys. Węgry
58%
10 tys. Iran
48%
71 tys. Republika Południowej Afryki
48%
20 tys. Azerbejdżan
16%
Nie znaleziono quizów pasujących do podanych kryteriów
Rozkład punktacji
Procent ludzi z każdym wynikiem
Percentyl według liczby udzielonych odpowiedzi
Twoja historia wyników
Nie rozwiązałeś tego quizu